000
00216nam a22000857a 4500
001
1236070
005
20251001124208.0
245
_a
ANNEN MAĞARA KADINI OLMUŞ
_c
JON SCIESZKA
260
_b
GÜNIŞIĞI KİTAPLIĞI YAYINLARI
999
_c
1236070
_d
1236070